Statistics for World Cities Closest to Frankfurt

Click here to take the quiz!

General Stats

  • This quiz has been taken 124 times
  • The average score is 20 of 30

Answer Stats

kmcitymiles% Correct
424Berlin263
97%
305Munich189
97%
153Cologne95
93%
478Paris297
93%
393Hamburg244
90%
364Amsterdam226
89%
318Brussels197
89%
598Vienna372
84%
184Dortmund-Essen
The Ruhr
114
83%
305Zürich189
83%
672Copenhagen418
82%
183Düsseldorf114
81%
638London397
80%
411Prague255
80%
153Stuttgart95
79%
519Milan322
75%
562Lyon349
72%
357Rotterdam222
71%
799Marseille497
66%
263Hanover163
61%
416Leipzig259
58%
566Turin352
58%
71Mannheim44
54%
326Antwerp203
48%
781Birmingham485
46%
403Lille251
36%
757Katowice458
15%
788Sheffield489
8%
719Southampton447
8%
751Nottingham466
5%

Score Distribution

Percentile by Number Answered

Percent of People with Each Score

Your Score History

You have not taken this quiz